000 00511nam a2200205Ia 4500
005 20250923150217.0
008 008 250917s9999 xx 000 0 eng d
037 _aTextual
040 _aDSWL
_beng
_cDSWL
041 _aeng
_2eng
084 _qDSWL
100 _aOberoi, P
_9843421
245 0 _aExile & Belonging
_cby P Oberoi
260 _aNew Delhi
_b Oxford Press
_c2006
300 _a298 p.
365 _aINR
_b595 .0
925 _g595 .0
942 _cTEXL
999 _c1460828
_d1460828